00903nam a2200205 a 450000100100000000500170001000800410002704000250006808200120009324500910010526000740019630000200027050000560029060000590034665000570040591000380046204900090050095201710050999900170068000002788920240409073641.0110405s1936 dr 000 0 spa d aDO-SdBNPbspacBNPHU aF-RD 8903aEl homenaje del periodismo dominicano al presidente Trujillo en el palacio del senado. aCiudad Trujillo, República Dominicana :bTalleres El Diario,c1936. a83 p. ;c20 cm. aIncluye bibliografía y notas al pie de páginas.10aTrujillo Molina, Rafael Leónidas,d 1891-1961976764 4aPeriodismo políticozRepública Dominicana926392 aValidado. Control de calidad EMS. aBNPD 001050718RVaPDbPDcHDd2011-04-05iLF1l0oF-RD 89p27889-10r2020-06-25w2020-06-25y1zPertenecio a la biblioteca personal de Julio Ortega Frier.ZNo se presta c27381d27381